000
00229nam a2200097Ia 4500
008
230508s1999 xx 000 0 und d
041
_a
eng
100
_a
MALVINO
245
_a
ELECTRONIC PRINCIPLE 6TH ED
260
_b
TATA MCG
_c
1999
999
_c
730882
_d
730882